00623nam a2200169 450000500170000002000180001710000280003524500450006326000430010830000110015149000390016250000440020170000220024594200120026799900190027995201550029820260522160729.0 a9788198831798 aBeshenov, Alexey914982 ap-adic Numbers and diophantine equations aNew DelhibHindustan book agencyc2026 axi+205 aCMI lecture series in mathematics  aCMI lecture series in mathematics Vol 3 aBilu, Yuri914983 2ddccBK c759797d759797 00102ddc40708GIFaMATbMATcGENd2026-05-14e032/NBHM 0038 (Gift from NBHM)g650.00l0o512.74 BES-PpMATG291r2026-05-22 16:13:52w2026-05-22yBK